| 000 | 00632nam a22002417a 4500 | ||
|---|---|---|---|
| 005 | 20250729162208.0 | ||
| 008 | 200304b1999 xxu||||| |||| 00| 0 spa d | ||
| 020 | _a9968702250 | ||
| 041 | _aESP | ||
| 082 | _a333.72 G192d | ||
| 100 | _aGámez Lobo, Rodrigo | ||
| 245 | _aDe biodiversidad gentes y utopias : reflexiones en los 10 años del INBio | ||
| 260 | _aCosta Rica | ||
| 260 | _bINBIO | ||
| 260 | _c1999 | ||
| 300 | _a150 páginas | ||
| 490 | _aTurismo | ||
| 650 | _aINSTITUTO NACIONAL DE BIODIVERSIDAD | ||
| 650 | _aBIODIVERSIDAD | ||
| 650 | _aCOSTA RICA | ||
| 650 | _aRECURSOS NATURALES | ||
| 942 |
_cBK _2ddc |
||
| 999 |
_c12601 _d12601 |
||